01638cam a2200361 a 4500001000200000003000900002005001700011007000200028008004000030010000600070020001800076040002200094082002300116100003900139245005500178260007100233300002400304490001400328500007200342590002600414611008000440650006300520650002700583650002900610650005900639700003500698910001100733942001200744952016400756952016900920952017001089999001701259 DO-SdBNP20210513134155.0 020930s2018 dr a 000 1 spa  a  a9789945503104 aBPMSUcspabBPMSU aRD861.5bR173L2221 aRamírez, Reina Lissette d1983 -10aLínea de retorno /cReina Lissette Ramírez b  aSanto Domingo :bMinisterio de Cultura ;bEditora Nacional c 2018 a94 p. ;c21 cm.b 0 aPoesía  3Incluye datos biográficos del autora en la solapa de la cubierta  6Inventariado, 2021/VM 4aFeria Regional del libron(14 :d2018:c Cotuí, República Dominicana ) 4aCertámenes literarios zCotuí (República Dominicana) 4aPoesías Dominicanas  4aLiteratura dominicanav  4aLibrosxIndustria y comercio zRepública Dominicana 1 aMilanesse, Otto Oscar d1959 - aVMateo 2ddccBK 00102ddc40708CDaBPMETbBPMETd2021-05-13eEditora Nacional oBPMSU CD RD861.5 R173L 2018pBPMSU21050074r2021-05-13w2021-05-13yBKzInventariado, 2021/VM 00102ddc40708CDaBPMETbBPMETd2021-05-13eEditora Nacional oBPMSU CD RD861.5 R173L 2018pBPMSU21050075r2021-05-13te.2w2021-05-13yBKzInventariado, 2021/VM 00102ddc40708CDaBPMETbBPMETd2021-05-13eEditora Nacional oBPMSU CD RD861.5 R173L 2018pBPMSU21050076r2021-05-13te.3w2021-05-13yBKzInventariado, 2021/VM c13491d13491